00941cam a22002414a 45000010009000000050017000090080041000260200015000670400018000820820021001001000026001212450092001472600043002393000036002824400055003185040051003736500046004246500034004706530017005049420012005219990017005339520149005501196310620010105102541.0000404s2000 maua b 001 0 eng  a0201657937 aDLCcDLCdDLC00a005.117221bGOM1 aGomaa, Hassan.93033410aDesigning Concurrent, Distributed, and Real-Time Applications with UML /cHassan Gomaa. aReading, MA :bAddison-Wesley,cc2000. axxiii, 785 p. :bill. ;c25 cm. 4aThe Addison-Wesley object technology series930335 aIncludes bibliographical references and index. 0aApplication softwarexDevelopment.930336 0aUML (Computer science)930337 bCScJuly2012 2ddccBB c16818d16818 00102ddc40708BaccahaMAINbMAINcLOWd2012-07-04epurchaseg320.00h15423l2m6o005.117 GOMp000026910r2025-07-15 00:00:00s2019-03-19yBB